Deutscher Rontgenkongress 1967 : Bericht uber die 48. Tagung der Deutschen Rontgengesellschaft vom 20. bis 23. April 1967 in Baden-Baden. Teil B, Strahlenbehandlung und Strahlenbiologie.

Guardat en:
Dades bibliogràfiques
Autor corporatiu: Deutscher Rontgenkongress Baden-Baden, Germany, Deutsche Rontgengesellschaft
Format: Actes de congresos Llibre
Idioma:German
Publicat: Munchen : Urban & Schwarzenberg, 1967.
Col·lecció:Sonderbande zur Strahlentherapie ; Bd. 66
Matèries:
LEADER 01228nam a2200265 a 4500
001 c000110887
003 CARM
005 20000119133408.0
008 990505s1967 gw a b 101 0 ger d
019 1 |a 20036879  |5 LACONCORD2021 
035 |a (OCoLC)222575341  |5 LACONCORD2021 
040 |a VU  |b eng  |c VU 
111 2 |a Deutscher Rontgenkongress  |n (48th :,  |d 1967 :  |c Baden-Baden, Germany) 
245 1 0 |a Deutscher Rontgenkongress 1967 :  |b Bericht uber die 48. Tagung der Deutschen Rontgengesellschaft vom 20. bis 23. April 1967 in Baden-Baden.  |n Teil B,  |p Strahlenbehandlung und Strahlenbiologie. 
246 3 0 |a Strahlenbehandlung und Strahlenbiologie 
260 |a Munchen :  |b Urban & Schwarzenberg,  |c 1967. 
300 |a xi, 428 p. :  |b ill. ;  |c 25 cm. 
440 0 |a Sonderbande zur Strahlentherapie ;  |v Bd. 66 
504 |a Includes bibliographical references and index. 
650 0 |a Radiotherapy  |x Congresses. 
650 0 |a Radiobiology  |x Congresses. 
710 2 |a Deutsche Rontgengesellschaft. 
852 8 |b CARM  |h AX:AXXXXX  |i X00000  |p 0108407  |z no loc  |f BK 
999 f f |i b1a8e53b-4214-528b-8c0c-333ce10e99db  |s 69fc74a5-61e3-505a-a074-5c633d454726 
952 f f |p Can circulate  |a CAVAL  |b CAVAL  |c CAVAL  |d CARM 1 Store  |e X00000  |f AX:AXXXXX  |h Other scheme  |i book  |m 0108407